Statistiques concernant Entreprises les plus riches du monde

Cliquez ici pour prendre le quiz!

Statistiques générales

  • Ce quiz a été pris 3 038 fois
  • Le résultat moyen est 6 sur 14

Statistiques - réponses

Valeur (en milliards de $)Entreprises% Correct
2 213Apple
92%
1 596Amazon
82%
1 653Microsoft
80%
1 203Alphabet
79%
834Tesla
72%
757Facebook
71%
620Alibaba
32%
475Visa
13%
738Tencent
12%
421JPMorgan Chase
10%
2 458Saudi Aramco
6%
546Berkshire Hathaway
2%
421Johnson & Johnson
1%
1 435Delta Electronics
0%

Distribution des résultats

Percentile par nombre de réponses

% des personnes avec chaque résultat

Votre développement - résultats

Vous n’avez pas pris ce quiz